Waterloo Road Characters (Series 5) Quiz Stats

Quiz not verified by Sporcle

Challenge
Share
Tweet
Embed
Score 0/32 Timer 13:00
0 Plays Today
Actor/Actress Character % Correct
Eva PopeRachel Mason
93.3%
Holly KennySambuca Kelly
86.9%
Reece DouglasDenzil Kelly
76.3%
Jason DoneTom Clarkson
74.9%
Elaine SymonsRose Kelly
74.9%
Darcey IsaLauren Andrews
73.9%
Denise WelchSteph Haydock
72.4%
Angela GriffinKim Campbell
70.7%
William AshChristopher Mead
70.3%
Phillip Martin BrownGrantly Budgen
70%
Ayesha GwiltAmy Porter
68.6%
Shannon FlynnEmily James
68.6%
Tachia NewallBolton Smilie
68.6%
Elizabeth BerringtonRuby Fry
67.5%
William RushJosh Stevenson
65%
Tom ChambersMax Tyler
65%
Actor/Actress Character % Correct
Kay PurcellCandice Smilie
62.5%
Jenna-Louise ColemanLindsay James
61.5%
Sarah-Jane PottsJo Lipsett
60.1%
Jack McmullenFinn Sharky
59%
Zaraah Abrahams Michaela White
59%
Vinette RobinsonHelen Hopewell
58.7%
Lucy DixonDanielle Harker
58.7%
Thomas MilnerPaul Langley
58%
Jessica BaglowKarla Bentham
55.1%
Sophie McSheraRos McCain
54.8%
Dean SmithPhillip Ryan
54.4%
Steven WaddingtonAdam Fleet
49.8%
Phoebe DynevorSiobhan Mailey
48.4%
Richie JeevesLuke Pendle
45.6%
Richie JeevesLuke Pendle
45.6%
Lauren ThomasAleesha Dilllon
13.1%

You're not logged in!

Compare scores with friends on all Sporcle quizzes.
Sign Up with Email
OR
Log In

You Might Also Like...

Show Comments

Extras

Top Quizzes Today


Score Distribution

Your Account Isn't Verified!

In order to create a playlist on Sporcle, you need to verify the email address you used during registration. Go to your Sporcle Settings to finish the process.